Rusiya şəhərləri - Armageddon - Statistics

General Stats
  • This quiz has been taken 6 times
    5 since last reset
  • The average score is 12 of 50
Answers on the Grid
Answers color-coded by a green-red scale on the quiz's grid according to % correct below.
Moskva
Sankt-Peterburq
Minsk
Poltava
Kiyev
Novosibirsk
Odessa
Yekaterinburq
Lvov
Mogilyov
Kazan
Nijni Novqorod
Çelyabinsk
Krasnoyarsk
Samara
Qomel
Luqansk
Ufa
Xerson
Lutsk
Varşava
Slovyansk
Rostov-na-Donu
Omsk
Pinsk
Krasnodar
Voronej
Perm
Volqoqrad
Mariupol
Krivoy Roq
Saratov
Tümen
Vitebsk
Qrodno
Tolyatti
Barnaul
Orşa
İjevsk
Qdansk
Kişinyov
Mahaçqala
Sofiya
Krakov
Xabarovsk
Ulyanovsk
Brest
Feodosiya
Kremençuq
İrkutsk
Vladivostok
Yaroslavl
Kemerovo
Tomsk
Stavropol
Orenburq
Kerç
Donetsk
Borisov
Ryazan
Balaşixa
Sevastopol
Vinnitsa
Penza
Xarkov
Çeboksarı
Jitomir
Lipetsk
Kalininqrad
Poznan
Varna
Lublin
Həştərxan
Buxarest
Nitra
Braşov
Tula
Burqas
Soçi
Borispol
Kursk
Ulan-Ude
Baranoviçi
Soliqorsk
Tver
Maqnitoqorsk
Surqut
Bratislava
Jilina
Bryansk
İvanovo
Yakutsk
Mozir
Belqorod
Kaluqa
Bobruysk
Simferopol
Ternopol
Çerkası
 
Answer Stats
Answer % Correct
Sankt-Peterburq
100%
Çelyabinsk
50%
Həştərxan
50%
Kalininqrad
50%
Krasnodar
50%
Krasnoyarsk
50%
Kursk
50%
Mahaçqala
50%
Nijni Novqorod
50%
Samara
50%
Soçi
50%
Ufa
50%
Vladivostok
50%
Volqoqrad
50%
Yakutsk
50%
Yekaterinburq
50%
Belqorod
25%
Bryansk
25%
Çeboksarı
25%
İrkutsk
25%
Moskva
25%
Novosibirsk
25%
Orenburq
25%
Perm
25%
Rostov-na-Donu
25%
Ryazan
25%
Stavropol
25%
Tümen
25%
Tver
25%
Ulan-Ude
25%
Yaroslavl
25%
Balaşixa
0%
Barnaul
0%
İjevsk
0%
İvanovo
0%
Kaluqa
0%
Kazan
0%
Kemerovo
0%
Lipetsk
0%
Maqnitoqorsk
0%
Omsk
0%
Penza
0%
Saratov
0%
Surqut
0%
Tolyatti
0%
Tomsk
0%
Tula
0%
Ulyanovsk
0%
Voronej
0%
Xabarovsk
0%
No matching quizzes found
Score Distribution
Percent of People with Each Score
Percentile by Number Answered
Your Score History
You have not taken this quiz since the last reset